Problems of Social State Formation in Ukraine

Vymedzenie pojmu sociálny štát. Problémy formovania sociálneho štátu na Ukrajine.

Enregistré dans:
Détails bibliographiques
Auteur principal: Kuznetsov, Igor
Format: Chapitre de livre
Langue:anglais
Sujets:
Tags: Ajouter un tag
Pas de tags, Soyez le premier à ajouter un tag!

MARC

LEADER 00000naa a2200000 4500
001 0248896
005 20181115100825.6
041 0 |a eng 
044 |a SK 
245 1 0 |a Problems of Social State Formation in Ukraine  |c Igor Kuznetsov 
520 |a Vymedzenie pojmu sociálny štát. Problémy formovania sociálneho štátu na Ukrajine. 
610 2 0 |a Ukrajina 
610 2 0 |a demokracia 
610 2 0 |a štát sociálny 
610 2 0 |a politika sociálna 
100 1 |a Kuznetsov, Igor